00850cam a22002535a 4500001001000000003000400010005001700014008004100031020001800072040004000090082002100130100001800151245006500169260004900234300003200283490001700315500002400332650003800356651001000394653002400404942000800428999001700436952014300453016814321OSt20161017121111.0140609s2014 enka fr 001 0 eng d a9781118931431 aStDuBDSbengcStDuBDSdUkdEG-ScBUE04a658.404222bGRA1 aGraham, Nick.10aProject management checklists for dummies /cby Nick Graham. aChichester :bJohn Wiley & Sons Ltd.,c2014. ax, 288 p. :bill. ;c22 cm.0 aFor dummies. aIndex : p. 277-288. 7aProject management.2BUEsh911664 2BUEsh bENGGENcOctober2016 2ddc c22642d22614 00102ddc40708AcademicaMAINbMAINc1STd2016-10-17ePurchaseg120.00h9125l0o658.404 GRAp000034144r2025-07-15 00:00:00v150.00yBB